Niebieskie logo - Statystyki

Ogólne statystyki
  • Ten quiz został rozwiązany 3 816 razy
  • Średni wynik to 13 z 16
Statystyki odpowiedzi
Obrazkowy Odpowiedź % Poprawnych
Facebook
100%
Ford
98%
Disney Plus
96%
Samsung
96%
Visa
94%
Gillette
91%
PayPal
91%
Skype
91%
Oral-B
85%
Dell
83%
PZU
82%
Nestlé
73%
LinkedIn
72%
Dreamworks
68%
Paramount
60%
Unilever
26%
Nie znaleziono quizów pasujących do podanych kryteriów
Rozkład punktacji
Procent ludzi z każdym wynikiem
Percentyl według liczby udzielonych odpowiedzi
Twoja historia wyników
Nie rozwiązałeś tego quizu